PEACE AND CONFLICT STUDIES: AN INTRODUCTION (Record no. 161264)

MARC details
000 -LEADER
fixed length control field 00582nam a2200181Ia 4500
003 - CONTROL NUMBER IDENTIFIER
control field OSt
005 - DATE AND TIME OF LATEST TRANSACTION
control field 20251208114112.0
020 ## - INTERNATIONAL STANDARD BOOK NUMBER
International Standard Book Number 978-1-84014-098-9
040 ## - CATALOGING SOURCE
Transcribing agency LC
050 ## - LIBRARY OF CONGRESS CALL NUMBER
Classification number JZ 5538 .J 46 2000
Item number 4
100 ## - MAIN ENTRY--PERSONAL NAME
Personal name JEONG, HO-WON
245 #0 - TITLE STATEMENT
Title PEACE AND CONFLICT STUDIES: AN INTRODUCTION
260 ## - PUBLICATION, DISTRIBUTION, ETC.
Place of publication, distribution, etc. WEY COURT EAST UNION ROAD FARNHAM,
Name of publisher, distributor, etc. ASHGATE PUBLISHING LIMITED,
Date of publication, distribution, etc. 2000,
300 ## - PHYSICAL DESCRIPTION
Extent XVi, 407 P, ILL
500 ## - GENERAL NOTE
General note INCLUDES BIBLIOGRAPHICAL REFERENCES AND INDEX
650 ## - SUBJECT ADDED ENTRY--TOPICAL TERM
Topical term or geographic name entry element Peace-Philosophy, Conflict management Security, International cooperation
942 ## - ADDED ENTRY ELEMENTS (KOHA)
Koha item type Long Loan Book
Source of classification or shelving scheme Library of Congress Classification
Suppress in OPAC No
Holdings
Withdrawn status Lost status Source of classification or shelving scheme Damaged status Not for loan Collection Home library Current library Shelving location Date acquired Inventory number Total checkouts Full call number Barcode Date last seen Copy number Price effective from Koha item type
    Library of Congress Classification     Law Kisii University Library Kisii University Library On Display 09/15/2023 60096   JZ 5538 . J 46 2000 030041 09/15/2023 4 09/15/2023 Long Loan Book